00233nam a2200085Ia 450000100070000000500170000700800410002424500630006526000190012864017320250826153442.0250824s9999 xx 000 0 und d 0a11 Dikkat! Büyücü İş Başındac Kate McMullan bBEYAZ BALİNA